Chromatin remodelling (Record no. 485981)

MARC details
000 -LEADER
fixed length control field 00510nam a2200193Ia 4500
008 - FIXED-LENGTH DATA ELEMENTS--GENERAL INFORMATION
fixed length control field 210417s9999 xx 000 0 und d
020 ## - INTERNATIONAL STANDARD BOOK NUMBER
International Standard Book Number 9781632391117
-- 1632391112
082 ## - DEWEY DECIMAL CLASSIFICATION NUMBER
Classification number 572.87 JEN
Item number 22.572.87 JEN
245 #0 - TITLE STATEMENT
Title Chromatin remodelling
Statement of responsibility, etc. Chromatin remodelling
250 ## - EDITION STATEMENT
Remainder of edition statement "vii, 224 p. ill., hbk."
260 ## - PUBLICATION, DISTRIBUTION, ETC.
Place of publication, distribution, etc. "New York, NY"
Name of publisher, distributor, etc. Callisto Reference
Date of publication, distribution, etc. 2015
700 ## - ADDED ENTRY--PERSONAL NAME
Personal name "Jennings, Harrison "
Numeration Edited by Harrison Jennings
Holdings
Withdrawn status Lost status Source of classification or shelving scheme Damaged status Not for loan Home library Current library Shelving location Date acquired Total Checkouts Full call number Barcode Date last seen Price effective from Koha item type
    Dewey Decimal Classification     Anna Centenary Library Anna Centenary Library 5TH FLOOR, A WING 17.04.2021   572.87 JEN 605964 17.04.2021 17.04.2021 English Books

Find us on the map